Normal view
MARC view
Entry Personal Name
001 - CONTROL NUMBER
- control field: 630
003 - CONTROL NUMBER IDENTIFIER
- control field: OSt
005 - DATE AND TIME OF LATEST TRANSACTION
- control field: 20150704152023.0
008 - FIXED-LENGTH DATA ELEMENTS
- fixed length control field: 150704|| aca||aabn | a|a d
040 ## - CATALOGING SOURCE
- Original cataloging agency: OSt
- Transcribing agency: OSt
100 ## - HEADING--PERSONAL NAME
- Personal name: Ray, Binayak
670 ## - SOURCE DATA FOUND
- Source citation: Work cat.: (OSt)14138: Ray, Binayak, South Pacific Least developing Countries, 2003









